| 000 | 00367nam a22001577a 4500 | ||
|---|---|---|---|
| 003 | SGT | ||
| 020 | _a9789353061807 | ||
| 082 |
_a158.3 _bC23G |
||
| 100 | _aGLADDING, SAMUEL T. | ||
| 245 | _aCOUNSELING : A COMPREHENSIVE PROFESSION | ||
| 250 | _a8TH | ||
| 260 |
_aINDIA _bPEARSON PUB _c2023 |
||
| 300 | _a744 | ||
| 650 | _aCLINICALL PSYCHOLOGY | ||
| 942 |
_2ddc _cBK |
||
| 999 |
_c26858 _d26858 |
||